Modern Sensors Handbook / (Record no. 12811)
[ view plain ]
| 000 -LEADER | |
|---|---|
| fixed length control field | 01816cam a2200349 a 4500 |
| 001 - CONTROL NUMBER | |
| control field | 14711048 |
| 005 - DATE AND TIME OF LATEST TRANSACTION | |
| control field | 20070907144700.0 |
| 008 - FIXED-LENGTH DATA ELEMENTS--GENERAL INFORMATION | |
| fixed length control field | 070125s2007 caua b 001 0 eng |
| 010 ## - LIBRARY OF CONGRESS CONTROL NUMBER | |
| LC control number | 2007003344 |
| 020 ## - INTERNATIONAL STANDARD BOOK NUMBER | |
| International Standard Book Number | 9781905209668 |
| 035 ## - SYSTEM CONTROL NUMBER | |
| System control number | (OCoLC)ocm81150284 |
| 035 ## - SYSTEM CONTROL NUMBER | |
| System control number | (OCoLC)81150284 |
| 040 ## - CATALOGING SOURCE | |
| Original cataloging agency | DLC |
| Transcribing agency | DLC |
| Modifying agency | YDX |
| -- | BAKER |
| -- | BTCTA |
| -- | YDXCP |
| -- | DLC |
| 050 00 - LIBRARY OF CONGRESS CALL NUMBER | |
| Classification number | TA165 |
| Item number | .M585 2007 |
| 082 00 - DEWEY DECIMAL CLASSIFICATION NUMBER | |
| Classification number | 681.2 |
| Edition number | 22 |
| Item number | MOD |
| 245 00 - TITLE STATEMENT | |
| Title | Modern Sensors Handbook / |
| Statement of responsibility, etc | Edited by Pavel Ripka, Alois Tipek. |
| 260 ## - PUBLICATION, DISTRIBUTION, ETC. (IMPRINT) | |
| Place of publication, distribution, etc | Newport Beach, CA : |
| Name of publisher, distributor, etc | ISTE USA, |
| Date of publication, distribution, etc | c2007. |
| 300 ## - PHYSICAL DESCRIPTION | |
| Extent | xviii, 518 p. : |
| Other physical details | ill. ; |
| Dimensions | 24 cm. |
| 490 0# - Series Statement | |
| Series statement | Instrumentation and measurement series |
| 504 ## - BIBLIOGRAPHY, ETC. NOTE | |
| Bibliography, etc | Includes bibliographical references and index. |
| 650 #0 - SUBJECT ADDED ENTRY--TOPICAL TERM | |
| Topical term or geographic name as entry element | Detectors |
| Form subdivision | Handbooks, manuals, etc. |
| 9 (RLIN) | 8948 |
| 700 1# - ADDED ENTRY--PERSONAL NAME | |
| Personal name | Ripka, Pavel. |
| 9 (RLIN) | 8949 |
| 700 1# - ADDED ENTRY--PERSONAL NAME | |
| Personal name | Tipek, Alois. |
| 9 (RLIN) | 8950 |
| 856 41 - ELECTRONIC LOCATION AND ACCESS | |
| Materials specified | Table of contents only |
| Uniform Resource Identifier | <a href="http://www.loc.gov/catdir/toc/ecip079/2007003344.html">http://www.loc.gov/catdir/toc/ecip079/2007003344.html</a> |
| 856 42 - ELECTRONIC LOCATION AND ACCESS | |
| Materials specified | Contributor biographical information |
| Uniform Resource Identifier | <a href="http://www.loc.gov/catdir/enhancements/fy0743/2007003344-b.html">http://www.loc.gov/catdir/enhancements/fy0743/2007003344-b.html</a> |
| 856 42 - ELECTRONIC LOCATION AND ACCESS | |
| Materials specified | Publisher description |
| Uniform Resource Identifier | <a href="http://www.loc.gov/catdir/enhancements/fy0743/2007003344-d.html">http://www.loc.gov/catdir/enhancements/fy0743/2007003344-d.html</a> |
| 942 ## - ADDED ENTRY ELEMENTS (KOHA) | |
| Source of classification or shelving scheme | Dewey Decimal Classification |
| Item type | Book - Borrowing |
| Withdrawn status | Item status | Source of classification or shelving scheme | Damaged status | Not for loan | Vendor | Home library | Current library | Shelving location | Date acquired | Source of acquisition | Total Checkouts | Total Renewals | Full call number | Barcode | Date last seen | Date last borrowed | Koha item type | Cost, normal purchase price | Serial Enumeration / chronology |
|---|---|---|---|---|---|---|---|---|---|---|---|---|---|---|---|---|---|---|---|
| Dewey Decimal Classification | Baccah | Central Library | Central Library | First floor | 18/10/2009 | 4 | 7 | 681.2 MOD | 000018505 | 15/07/2025 | 23/05/2012 | Book - Borrowing | |||||||
| Dewey Decimal Classification | Baccah | Central Library | Central Library | First floor | 18/10/2009 | 1 | 681.2 MOD | 000018504 | 15/07/2025 | 17/12/2009 | NB - Book (Non borrowing) | ||||||||
| Dewey Decimal Classification | Baccah | Central Library | Central Library | First floor | 27/04/2011 | 2 | 1 | 681.2 MOD | 000023408 | 15/07/2025 | 29/11/2015 | Book - Borrowing | 1670.00 | 12158 |